| 000 | 00597nam a22002057a 4500 | ||
|---|---|---|---|
| 999 |
_c8193 _d8193 |
||
| 003 | GBCCL | ||
| 005 | 20241126110645.0 | ||
| 008 | 190710b ||||| |||| 00| 0 eng d | ||
| 040 | _cGBC | ||
| 082 |
_a252 _bMOO |
||
| 100 |
_aMoody, Dwight Lyman _914262 |
||
| 245 |
_aSovereign grace : _bits source, nature and effect |
||
| 260 |
_aChicago : _bMoody Press, _c [19--] |
||
| 300 | _a127 pages ; 17 cm. | ||
| 440 |
_aColportage library, 20. _914263 |
||
| 650 |
_aGrace (Theology) -- Sermons. _914264 |
||
| 650 |
_aSermons, American. _9270 |
||
| 650 |
_aGrace (Theology) _92990 |
||
| 942 |
_2ddc _cBK |
||